| 000 | 00506nam a22001931i 4500 | ||
|---|---|---|---|
| 001 | bimo0000544456 | ||
| 003 | OSt | ||
| 005 | 20130717114522.0 | ||
| 008 | 900725s1981 esp spa | ||
| 020 | _a84-313-0726-9 | ||
| 040 |
_aSpMaBN _bspa _cBMC |
||
| 082 | _a864 | ||
| 100 | 1 |
_aArellano, Jesús _d1921-2009 _91139 |
|
| 245 | 1 | 3 |
_aLa existencia cosificada _cJesús Arellano |
| 260 | 0 |
_aPamplona _bEUNSA _c1981 |
|
| 300 |
_a155 p. _c18 cm |
||
| 490 | 0 |
_aBiblioteca NT. Filosofía _v3 |
|
| 942 |
_2ddc _cBK |
||
| 999 |
_c1347 _d1347 |
||